01316nam a2200277 a 4500001001000000005001700010008004100027041000800068044000700076084002000083100004500103245008700148260002800235300001700263500016800280500009100448500016600539500001100705546002500716650005200741650005600793650003400849650004500883700006000928740005000988BRCA_308620190320204114.0270109s1832----fr-#---###---#000-0#fre-u afre afr a393b.H53c18321 aCervantes Saavedra, Miguel ded1547-161610aHistoire de L´Admirable Don Quichotte de la ManchecMiguel de Cervantes Saavedra. aParísbA. Hiardc1832 a4 v.c14 cm. aContenido : v 1. Primera parte. Texto. -- v 2. Texto. Segunda parte. Texto. -- v 3. Texto. Continuación por el traductor. -- v 4. Continuación por el traductor aEdición : Traduite de l´Espagnol de Michel de Cervantes par Filleau de Saint-Martin aEdición conforme a la impresa por Lugan, en 1826-27, pero suprimiendo el prólogo de Cervantes. Semipiel; lomos decorados con filetes dorados Lúdovik Osterc aQM320A aTexto en : francés14aNovela españolayÉpoca clásica, 1500-170014aLiteratura españolayÉpoca clásica, 1500-170014aNovela españolaySiglo XVII14aDon Quijote (Personaje ficticio)eNovela1 aSaint-Martin, Francois Filleau ded1632-1695eTraductor0 aEl Ingenioso Hidalgo Don Quijote de la Mancha